Statistiques concernant Les italiens vainqueurs d'étapes du Tour de France (2000-..)

Cliquez ici pour prendre le quiz!

Statistiques générales

  • Ce quiz a été pris 294 fois
    (214 depuis la dernière actualisation)
  • Le résultat moyen est 17 sur 33

Statistiques - réponses

EditionEtapeEquipeVainqueur% Correct
2019Albertville → Val Thorens (étape 20)Bahrain-MeridaVincenzo Nibali
99%
2014Pau → Hautacam (étape 18)AstanaVincenzo Nibali
99%
2014York → Sheffield (étape 2)AstanaVincenzo Nibali
99%
2014Mulhouse → La Planche des Belles Filles (étape 10)AstanaVincenzo Nibali
99%
2014Saint-Etienne → Chamrousse (étape 13)AstanaVincenzo Nibali
99%
2015Saint-Jean-de-Maurienne → La Toussuire-Les Sybelles (étape 19)AstanaVincenzo Nibali
99%
2017Vittel → La Planche des Belles Filles (étape 5)AstanaFabio Aru
78%
2000Carpentras → Mont Ventoux (étape 12)Mercatore UnoMarco Pantani
65%
2000Briançon → Courchevel (étape 15)Mercatore UnoMarco Pantani
65%
2019Reims → Nancy (étape 4)Deceuninck-Quick StepElia Viviani
62%
2019Pont du Gard → Gap (étape 17)Mitchelton-ScottMatteo Trentin
61%
2014Epernay → Nancy (étape 7)Omega Pharma-Quick StepMatteo Trentin
61%
2013Tours → Saint-Amand-Montrond (étape 13)Omega Pharma-Quick StepMatteo Trentin
61%
2003Montgeron → Meaux (étape 1)Fassa BortoloAlessandro Petacchi
59%
2003Charleville-Mézières → Saint-Dizier (étape 3)Fassa BortoloAlessandro Petacchi
59%
2003Troyes → Nevers (étape 5)Fassa BortoloAlessandro Petacchi
59%
2003Nevers → Lyon (étape 6)Fassa BortoloAlessandro Petacchi
59%
2010Rotterdam → Bruxelles (étape 1)Lampre-Farnese ViniAlessandro Petacchi
59%
2010Cambrai → Reims (étape 4)Lampre-Farnese ViniAlessandro Petacchi
59%
2004Castelsarrasin → La Mongie (étape 12)CSCIvan Basso
54%
2000Agen → Dax (érape 9)Mapei-Quick StepPaolo Bettini
36%
2003Saint-Girons → Loudenvielle (étape 14)SaecoGilberto Simoni
24%
2004Châteaubriant → Saint-Brieuc (étape 7)Fassa BortoloFilippo Pozzato
22%
2007Chablis → Autun (étape 5)LiquigasFilippo Pozzato
22%
2005Issoire → Le Puy-en-Velay (étape 19)T-MobileGiuseppe Guerini
22%
2007Marcoussis → Paris-Champs-Elysées (étape 20)Lampre-FonditalDaniele Bennati
19%
2007Pau → Castelsarrasin (étape 17)Lampre-FonditalDaniele Bennati
19%
2005Pau → Revel (étape 17)Discovery ChannelPaolo Savoldelli
19%
2002Aime → Cluses (étape 17)Tacconi SportDario Frigo
18%
2000Lausanne → Fribourg-en-Brisgau (étape 18)Saeco-Valli & ValliSalvatore Commesso
18%
2000Paris → Paris (étape 21)Mapei-Quick StepStefano Zanini
10%
2006Morzine → Mâcon (étape 18)Quick Step-InnergeticMatteo Tosatto
9%
2005Troyes → Nancy (étape 6)Fassa BortoloLorenzo Bernucci
7%

Distribution des résultats

Percentile par nombre de réponses

% des personnes avec chaque résultat

Votre développement - résultats

Vous n’avez pas pris ce quiz depuis la dernière actualisation